[Event "AUT-ch U10 Girls"]
[Site "Schladming"]
[Date "2012.06.08"]
[Round "3.6"]
[White "Steiner, Simone"]
[Black "Lauda, Victoria"]
[Result "0-1"]
[WhiteElo "800"]
[BlackElo "800"]
[PlyCount "94"]
[EventDate "2012.06.08"]
[EventType "swiss"]
[EventRounds "7"]
[EventCountry "AUT"]
[SourceTitle "EXT 2024"]
[Source "ChessBase"]
[SourceDate "2023.10.10"]
[SourceVersion "1"]
[SourceVersionDate "2023.10.10"]
[SourceQuality "1"]

1. e4 e5 2. Nf3 Nc6 3. Bc4 d5 4. Bd3 Nf6 5. 0-0 Bd6 6. Bb5 0-0 7. d3 a6 8. Bc4 b5 9. Bb3 a5 10. d4 dxe4 11. Ne1 a4 12. Bg5 axb3 13. cxb3 Qe7 14. Nc3 Bb4 15. Bd2 Bg4 16. Qc1 Bd6 17. h3 Bh5 18. g4 Bg6 19. Nc2 exd4 20. Nxb5 Be5 21. Re1 d3 22. Ne3 Nd8 23. Kg2 Rb8 24. Rh1 Rxb5 25. Rb1 c6 26. a4 Rb6 27. Ba5 Rb8 28. Bxd8 Rbxd8 29. Qxc6 d2 30. Rhd1 Bd4 31. Rxd2 Ba7 32. Rbd1 Rb8 33. Nd5 Nxd5 34. Rxd5 Rxb3 35. Rb1 e3 36. fxe3 Be4+ 37. Kf2 Bxb1 38. Kg2 Rxb2+ 39. Kf1 Bxe3 40. Ke1 Be4 41. Kd1 Qa3 42. Ke1 Qa1+ 43. Rd1 Bxc6 44. Rxa1 Rc2 45. Ra3 Bc5 46. Rb3 Bxa4 47. Rb1 Rd8 0-1